La gota de veneno: salario global en la universidad de Costa Rica/

Con la Ley Marco del Empleo Público a las instituciones estatales de Costa Rica les han servido un vaso de agua con una gota de veneno, que han debido tomar. No obstante, algunas de ellas pueden decir qué camino tomar. En este número de la Serie “Desigualdades y… “, el Dr. Mauricio Castro nos explic...

Celý popis

Uloženo v:
Podrobná bibliografie
Hlavní autor: Castro Méndez, Mauricio
Médium: Kniha
Jazyk:Spanish
Vydáno: San José, Costa Rica: Ediciones Instituto de Investigaciones Sociales 2023
Edice:Desigualdades y...
Témata:
On-line přístup:https://repositorio.iis.ucr.ac.cr/items/6d25f3bf-0546-4746-a84b-3b0803ac2348
Tagy: Přidat tag
Žádné tagy, Buďte první, kdo vytvoří štítek k tomuto záznamu!

MARC

LEADER 00000nam a22000007a 4500
003 cru CIDCACS/IIS
005 20240119151217.0
008 240119b2023 cr ||||| |||| 00| 0 spa d
020 |a 978-9968-861-13-7 
040 |a cru CIDCACS/IIS  |c cru CIDCACS/IIS 
090 |a 05.03.05 D457g 
100 1 |a Castro Méndez, Mauricio  |9 11848 
245 1 3 |a La gota de veneno:  |b salario global en la universidad de Costa Rica/  |c Mauricio Castro Méndez 
260 |a San José, Costa Rica:  |b Ediciones Instituto de Investigaciones Sociales   |c 2023 
300 |a 69 páginas   |b 11.43X19.69 cm 
440 |a Desigualdades y...  |9 11847 
500 |a Ubicado en la Colección del IIS 
520 |a Con la Ley Marco del Empleo Público a las instituciones estatales de Costa Rica les han servido un vaso de agua con una gota de veneno, que han debido tomar. No obstante, algunas de ellas pueden decir qué camino tomar. En este número de la Serie “Desigualdades y… “, el Dr. Mauricio Castro nos explica la encrucijada en que vive actualmente la Universidad de Costa Rica, pues puede adoptar o no el salario global. No hay forma de separar el veneno del agua, y la universidad debe tomar una decisión: ¿toma o no el vaso? 
648 |z Con la Ley Marco del Empleo Público a las instituciones estatales de Costa Rica les han 
650 0 |a DESIGUALDAD SOCIAL  |9 77 
650 0 |a DESIGUALDAD ECONOMICA  |9 4894 
650 0 |a SALARIOS  |9 2434 
650 0 |a EMPRESAS PUBLICAS  |9 3075 
650 0 |a ENSEÑANZA SUPERIOR  |9 1831 
650 0 |a UNIVERSIDAD DE COSTA RICA  |9 4358 
651 0 |a COSTA RICA  |9 32 
856 |u https://repositorio.iis.ucr.ac.cr/items/6d25f3bf-0546-4746-a84b-3b0803ac2348 
942 |2 z  |c LITG  |h 05.03.05 D457g  |i 24028  |i 24029  |i 24030  |6 050305_D457G_24028__24029__24030 
999 |c 45456  |d 45456